History by Alphabet - Statistics

General Stats
  • This quiz has been taken 32 times
  • The average score is 20 of 26
Answer Stats
Hint Answer % Correct
The 1917 Bolshevik Revolution took place on this month in according to the Gregorian Calendar N November
97%
This wartime leader won a Nobel Prize for literature in 1953 C (Winston) Churchill
97%
This 1815 battle was the downfall of Napoleon Bonaparte's attempted return to power W Waterloo
94%
The largest wartime amphibious evacuation in history took place here in 1940 D Dunkirk
90%
Australia fought a ferocious war with this flightless bird in 1932, and lost E Emu
90%
Before his capture and execution, Atuahalpa was the last emperor of this Latin American empire I Inca
90%
The creation of this new form of telecommunication was invented in 1895 by Guglielmo Marconi R Radio
90%
What country was ruled by self acclaimed 'king of the Scots', Idi Amin U Uganda
90%
This Eastern European nation was founded after the First World War and led by famous communist Tito before it collapsed in 1991 Y Yugoslavia
90%
This Middle Eastern nation was used to film 'Indiana Jones and the Last Crusade' at its Al-khazneh temple J Jordan
87%
What was the last Chinese Imperial Dynasty Q Qing
87%
This city was the capital of South Vietnam until it was captured by the Vietcong in 1975 S Saigon
87%
What disease prevention method was discovered by Edward Jenner in 1796? V Vaccination
87%
Which civilisation was based around the city of Tenochtitlan? A Aztec
84%
This pacific nation was united by King Kamehameha I in 1810, and made a US state in 1959 after its annexation H Hawai'i
84%
What metal was commonly used in everyday commodities, which contributed to poisonings and shorter life spans? L Lead
84%
This dictator rose to lead the Nationalists during the Spanish civil war, acting as dictator from 1939-1975 F Francisco Franco
74%
This Russian revolutionary was murdered by an ice pick in Mexico City, 1940 T (Leon) Trotsky
74%
This Chinese region was the location of the Japanese puppet state of Manchukuo from 1932-1945 and the homeland of the last Imperial Dynasty M Manchuria
74%
Mobutu Sese Seko served as dictator of this African nation from 1965-1997 Z Zaire
68%
This short-range wireless communication is named after the viking King of Denmark B Bluetooth
61%
This Greek legendary hero was able to slay the gorgon Medusa P Perseus
55%
Emperor of the Achaemenids during the Persian conflicts with Greece X Xerxes
55%
Which knot was Alexander the Great famously able to cut? G Gordian
48%
Who was Canada's longest serving Prime Minister that oversaw the Great Depression, World War II and the foundation of the United Nations? K (William Lyon MacKenzie) King
19%
Both incredibly influential in the unification of Japan, who was Tokugawa Ieyasu's key ally that was assassinated in 1582? O Oda Nobunaga
10%
No matching quizzes found
Score Distribution
Percent of People with Each Score
Percentile by Number Answered
Your Score History
You have not taken this quiz